Dobrá propagácia je investícia

Cieľ reklamy - zvýšenie tržieb a zisku. Sedem krokov k úspechu. Využitie miestnych médií. Ochutnávky v predajniach. Úspech stojí na aktivite predavača.

Gespeichert in:
Bibliographische Detailangaben
1. Verfasser: Toman, Miloš
Format: Buchkapitel
Sprache:Slowakisch
Schlagworte:
Tags: Tag hinzufügen
Keine Tags, Fügen Sie das erste Tag hinzu!

MARC

LEADER 00000naa a2200000 4500
001 0174123
005 20231010141646.7
041 0 |a slo 
044 |a SK 
245 1 0 |a Dobrá propagácia je investícia  |c Miloš Toman 
520 |a Cieľ reklamy - zvýšenie tržieb a zisku. Sedem krokov k úspechu. Využitie miestnych médií. Ochutnávky v predajniach. Úspech stojí na aktivite predavača. 
610 2 0 |a reklama 
610 2 0 |a médiá 
610 2 0 |a obchod 
100 1 |a Toman, Miloš